000 00592nam a2200205Ia 4500
005 20250508160930.0
008 008 250505s9999 xx 000 0 eng d
020 _a0-8352-0641-6
037 _aTextual
040 _aFEDL
_beng
_cFEDL
041 _aeng
_2eng
084 _a371.39, DAV
_qFEDL
100 _aDavies Ruth Ann
_946824
245 0 _aSchool library media center : A force for educational excellence
250 _a2nd
260 _aNew York, USA
_bR. R. Bowker Company
_c1969
300 _axi,484p.
942 _cTEXL
_h371.39, DAV
999 _c1367473
_d1367473